| 000 | 00596nam a2200193Ia 4500 | ||
|---|---|---|---|
| 008 | 140321s9999 xx 000 0 und d | ||
| 020 | _a9789812533616 | ||
| 050 |
_aHF 5549 _b.D355 2013 |
||
| 100 | _aDeCenzo, David A. | ||
| 245 |
_aHuman resource management / _cDavid A. DeCenzo, Stephen P. Robbins and Susan L. Verhulst. |
||
| 250 | _a11th ed. | ||
| 260 |
_aSingapore : _bJohn Wiley & Sons, _cc2013. |
||
| 300 |
_a424 p. : _c26 cm. |
||
| 500 | _aIncludes bibliographical references and index. | ||
| 521 | _aBSBA | ||
| 650 | _aPersonnel management. | ||
| 942 |
_kFOR _cBK |
||
| 999 |
_c48322 _d48322 |
||